00550nam a2200169Ia 4500008004100000020001500041041001200056082002000068100004700088245003000135250001200165260003900177300001400216942000700230999001900237952012400256231217s9999 xx 000 0 und d a9971512750 aEnglish a001.642 SIL;68 aSilberschatz, Abraham. Galvin, Peter Baer. 0aOperating system concepts a5th ed. c2000bJohn & Wiley sonsaSingapore axvii, 888 cAA c199633d199633 r2024-01-26 00:00:00l0o001.642 SIL;68p93412w2024-01-26yAA1040708MCA00aMLbMLcMCAd2020-11-24EMCAGRSF1V0